[Event "European Team Championship"]
[Site "Reykjavik ISL"]
[Date "2015.11.21"]
[EventDate "2015.11.13"]
[Round "8.17"]
[Result "0-1"]
[White "Bjorn Moller Ochsner"]
[Black "Rogvi Egilstoft Nielsen"]
[WhiteElo "2405"]
[BlackElo "2275"]
[PlyCount "60"]

1. e4 e5 2. Nf3 Nc6 3. Bb5 f5 4. d3 fxe4 5. dxe4 Nf6 6. O-O
Bc5 7. Nc3 O-O 8. Bxc6 dxc6 9. Qxd8 Rxd8 10. Bg5 Re8 11. h3
Bd4 12. Bd2 Be6 13. Rfe1 Bf7 14. Re2 Bc4 15. Ree1 Bf7 16. Re2
Rad8 17. b3 Bh5 18. Rae1 Bxf3 19. gxf3 Nh5 20. Rb1 Rf8 21. Na4
Rxf3 22. c3 Rxf2 23. Rxf2 Bxf2+ 24. Kxf2 Rxd2+ 25. Kf3 Rd3+
26. Kg4 g6 27. Nc5 Rxc3 28. Nd7 Re3 29. Kg5 Kg7 30. Nxe5 h6+
0-1

[Event "European Team Championship"]
[Site "Reykjavik ISL"]
[Date "2015.11.21"]
[EventDate "2015.11.13"]
[Round "8.18"]
[Result "0-1"]
[White "Avni Ermeni"]
[Black "Alan Tate"]
[WhiteElo "2285"]
[BlackElo "2337"]
[PlyCount "80"]

1. d4 d5 2. c4 c6 3. Nc3 Nf6 4. Nf3 e6 5. e3 Nbd7 6. Qc2 Bd6
7. cxd5 exd5 8. Bd3 Nf8 9. O-O Ng6 10. h3 O-O 11. Bd2 Bc7
12. Rac1 Re8 13. Ng5 Bd7 14. f4 Qe7 15. a3 Rad8 16. b4 Bb8
17. Rce1 Bc8 18. Qb1 Qd6 19. Nf3 Nf8 20. Ne5 Be6 21. Rc1 Rc8
22. Rc2 Rc7 23. Rfc1 b6 24. Nxc6 Rxc6 25. Nb5 Rxc2 26. Nxd6
Rxc1+ 27. Qxc1 Bxd6 28. Qc6 Bb8 29. g4 Rc8 30. Qb7 Ne8 31. Qe7
Bd7 32. Bxh7+ Kxh7 33. Qxf8 Nd6 34. Qe7 Bb5 35. Be1 Bd3
36. Kh2 Re8 37. Qh4+ Kg8 38. Bf2 Ne4 39. Be1 g5 40. Qh5 Kg7
0-1

[Event "European Team Championship"]
[Site "Reykjavik ISL"]
[Date "2015.11.21"]
[EventDate "2015.11.13"]
[Round "8.18"]
[Result "0-1"]
[White "Graham Morrison"]
[Black "Perparim Makoli"]
[WhiteElo "2323"]
[BlackElo "2223"]
[PlyCount "94"]

1. d4 d5 2. c4 dxc4 3. Nf3 Nf6 4. e3 Bg4 5. Bxc4 e6 6. Nc3 a6
7. h3 Bh5 8. g4 Bg6 9. Ne5 Nfd7 10. Nxg6 hxg6 11. Bf1 Nb6
12. Bg2 c6 13. Qb3 N8d7 14. Bd2 a5 15. Rd1 Nf6 16. Ne4 Nxe4
17. Bxe4 Bd6 18. Bg2 a4 19. Qc2 Nd5 20. a3 Qe7 21. Bc1 Bc7
22. Ke2 g5 23. Rhe1 O-O 24. Kf1 Rfd8 25. Rd3 Qf6 26. e4 Nf4
27. e5 Qe7 28. Bxf4 gxf4 29. Re4 g5 30. h4 gxh4 31. Rxf4 Qg5
32. Re4 Rd7 33. Qd1 Bb6 34. f4 Qd8 35. f5 Qg5 36. f6 Ra5
37. Qc2 Rad5 38. Qxa4 Qc1+ 39. Rd1 Qxb2 40. Re2 Qb5 41. Qc2
Rxd4 42. Rxd4 Rxd4 43. Be4 Kf8 44. Bf3 Rd3 45. Kg2 h3+ 46. Kg3
Qd5 47. Kh4 Qxf3 0-1

[Event "European Team Championship"]
[Site "Reykjavik ISL"]
[Date "2015.11.21"]
[EventDate "2015.11.13"]
[Round "8.18"]
[Result "1/2-1/2"]
[White "Bedri Sadiku"]
[Black "Andrew J Muir"]
[WhiteElo "2197"]
[BlackElo "2313"]
[PlyCount "116"]

1. d4 d5 2. Nf3 Nf6 3. c4 e6 4. Nc3 c6 5. e3 Nbd7 6. Bd3 dxc4
7. Bxc4 b5 8. Bd3 Bb7 9. O-O a6 10. a4 b4 11. Ne4 c5 12. Nxf6+
Nxf6 13. Qe2 cxd4 14. exd4 Be7 15. Be3 O-O 16. Rfd1 Qd6
17. Nd2 Nd5 18. Ne4 Qb8 19. Nc5 Bxc5 20. dxc5 Qe5 21. Bd4 Qxe2
22. Bxe2 e5 23. Bxe5 Rfe8 24. f4 Nxf4 25. Bxf4 Rxe2 26. Rd2
Rxd2 27. Bxd2 a5 28. Bf4 Re8 29. Kf2 Re4 30. g3 Rc4 31. Rc1
Rxc1 32. Bxc1 Bc6 33. Bf4 Bxa4 34. Bc7 b3 35. Bxa5 Kf8 36. Ke3
Ke8 37. Kd4 Kd7 38. Kd5 Bb5 39. Bc3 g6 40. Be5 h5 41. h4 Ba4
42. Kc4 Kc6 43. Kb4 Bb5 44. Bd6 Be2 45. Kxb3 Bd3 46. Kc3 Be2
47. Kd4 Bd1 48. Ke5 Bb3 49. Kd4 Kb5 50. Bf4 Kc6 51. Be3 Kb5
52. Ke5 Kc6 53. Kf6 Kb5 54. Ke7 Kc6 55. Bf2 Bd5 56. b4 Bc4
57. Be3 Bd5 58. b5+ Kxb5 1/2-1/2

[Event "European Team Championship"]
[Site "Reykjavik ISL"]
[Date "2015.11.21"]
[EventDate "2015.11.13"]
[Round "8.2"]
[Result "0-1"]
[White "Merab Gagunashvili"]
[Black "Etienne Bacrot"]
[WhiteElo "2539"]
[BlackElo "2686"]
[PlyCount "180"]

1. d4 Nf6 2. c4 e6 3. Nc3 d5 4. Bg5 Be7 5. e3 h6 6. Bh4 O-O
7. Nf3 b6 8. Rc1 Bb7 9. cxd5 Nxd5 10. Bxe7 Qxe7 11. Be2 Nf6
12. O-O Nbd7 13. Qa4 c5 14. Qa3 Rfc8 15. Ba6 Bxa6 16. Qxa6 Qf8
17. Rfd1 cxd4 18. Nxd4 Nc5 19. Qe2 a6 20. b4 Ncd7 21. a3 b5
22. Nb3 Ra7 23. Qe1 Rac7 24. Ne2 Ng4 25. h3 Nge5 26. Qd2 Nc4
27. Qa2 Qe7 28. Nd2 Ndb6 29. Nxc4 Nxc4 30. Qb3 Rd8 31. Rxd8+
Qxd8 32. Rd1 Nd2 33. Nc3 Qd3 34. Qb2 Nf3+ 35. gxf3 Qxc3
36. Rd8+ Kh7 37. Qb1+ g6 38. Rd3 Qf6 39. Kg2 Qg5+ 40. Kh2 Qf5
41. Qd1 Rc4 42. f4 g5 43. Qh5 Kg7 44. Rd8 Qf6 45. Qd1 gxf4
46. Qg1+ Qg5 47. exf4 Rxf4 48. Rd3 Kf6 49. Rg3 Qe5 50. Kg2
Qd5+ 51. Kh2 Qd2 52. Kg2 Qe2 53. Re3 Qb2 54. Qe1 Ke7 55. Rd3
Qc2 56. Re3 Qc6+ 57. Kh2 Rc4 58. Qg1 Rc1 59. Qg2 Qd6+ 60. Qg3
Rc2 61. Kg2 Qd5+ 62. Kh2 Qd6 63. Kg2 Qxg3+ 64. Kxg3 Rd2 65. f3
Rc2 66. Kg4 Rg2+ 67. Kh5 Rg6 68. Rc3 Kf6 69. h4 Kg7 70. f4 Rf6
71. Kg4 h5+ 72. Kxh5 Rxf4 73. Rc6 a5 74. bxa5 Ra4 75. a6 Rxa3
76. Kg5 b4 77. Rb6 b3 78. h5 Ra5+ 79. Kg4 Ra4+ 80. Kg3 b2
81. Rxb2 Rxa6 82. Rf2 Ra4 83. h6+ Kg6 84. Rh2 Ra8 85. Kf4 f6
86. Re2 Re8 87. Rh2 Rh8 88. Re2 e5+ 89. Ke4 Rxh6 90. Rg2+ Kf7
0-1

[Event "European Team Championship"]
[Site "Reykjavik ISL"]
[Date "2015.11.21"]
[EventDate "2015.11.13"]
[Round "8.3"]
[Result "1-0"]
[White "Ferenc Berkes"]
[Black "Eltaj Safarli"]
[WhiteElo "2648"]
[BlackElo "2657"]
[PlyCount "133"]

1. d4 Nf6 2. Nf3 g6 3. Bf4 Bg7 4. c3 O-O 5. Nbd2 d6 6. e4 c5
7. dxc5 dxc5 8. h3 Nc6 9. Bb5 Bd7 10. O-O Ne5 11. Bxd7 Nxf3+
12. Nxf3 Qxd7 13. e5 Nd5 14. c4 Nb6 15. Qc2 Rfd8 16. b3 Qd3
17. Qxd3 Rxd3 18. Be3 Rc8 19. Rad1 Rxd1 20. Rxd1 h6 21. g4 Rc7
22. Rd8+ Kh7 23. Re8 g5 24. Kg2 e6 25. h4 gxh4 26. Kh3 Nc8
27. Kxh4 Kg6 28. Kg3 Kh7 29. Kh4 Kg6 30. Kg3 Kh7 31. Kf4 Ne7
32. Ke4 Ng6 33. Rd8 b6 34. Rd1 Kg8 35. Rd8+ Kh7 36. Bd2 Ne7
37. Bc3 Nc6 38. Rd1 Nb8 39. Rd8 Nc6 40. Rd1 Nb8 41. Nh4 Rd7
42. Rh1 a6 43. f4 b5 44. Nf3 Nc6 45. f5 Kg8 46. Rg1 b4 47. Bb2
a5 48. f6 Bf8 49. Bc1 a4 50. Be3 Na5 51. Nd2 Nc6 52. Nf3 Na5
53. g5 axb3 54. gxh6+ Kh8 55. axb3 Nxb3 56. Rb1 Na5 57. Ra1
Nc6 58. Ra6 Nd8 59. Ra8 b3 60. Rb8 Kh7 61. Ng5+ Kh8 62. Nxf7+
Nxf7 63. Rxf8+ Kh7 64. Rb8 Ra7 65. Rxb3 Ra4 66. Rc3 Ra1
67. Rc1 1-0

[Event "European Team Championship"]
[Site "Reykjavik ISL"]
[Date "2015.11.21"]
[EventDate "2015.11.13"]
[Round "8.4"]
[Result "1/2-1/2"]
[White "Igor Kovalenko"]
[Black "Erwin L'Ami"]
[WhiteElo "2694"]
[BlackElo "2623"]
[PlyCount "100"]

1. d4 f5 2. g3 Nf6 3. Bg2 g6 4. Nf3 Bg7 5. O-O O-O 6. c4 d6
7. Nc3 c6 8. b3 Na6 9. Bb2 Qc7 10. d5 e5 11. dxe6 Bxe6 12. Rc1
Rae8 13. Ng5 Bc8 14. Nf3 Ne4 15. e3 g5 16. Nd4 Nac5 17. Nce2
a5 18. a3 Qf7 19. Qc2 Qg6 20. f3 Nf6 21. b4 axb4 22. axb4 Na6
23. Qd2 c5 24. Nb5 Nxb4 25. Bc3 Nc6 26. Rfe1 Rd8 27. Bxf6 Bxf6
28. f4 Nb4 29. Nc7 Qf7 30. Nd5 Nxd5 31. Bxd5 Be6 32. Red1 Rfe8
33. Kf2 Rd7 34. Rb1 g4 35. Bxe6 Qxe6 36. Qd5 Kg7 37. Rb3 Qxd5
38. Rxd5 Kg6 39. Rbd3 Re4 40. Rxc5 Rxe3 41. Kxe3 Re7+ 42. Kd2
dxc5 43. Rd6 Kf7 44. Rd5 b6 45. Rxf5 Rd7+ 46. Kc2 Kg6 47. Rd5
Rxd5 48. cxd5 Kf5 49. Kb3 b5 50. Nc3 Bxc3 1/2-1/2

[Event "European Team Championship"]
[Site "Reykjavik ISL"]
[Date "2015.11.21"]
[EventDate "2015.11.13"]
[Round "8.5"]
[Result "1/2-1/2"]
[White "Jon Ludvig Hammer"]
[Black "Georg Meier"]
[WhiteElo "2682"]
[BlackElo "2654"]
[PlyCount "142"]

1. d4 Nf6 2. c4 e6 3. Nf3 Bb4+ 4. Nbd2 b6 5. a3 Bxd2+ 6. Qxd2
Bb7 7. e3 O-O 8. Be2 d5 9. O-O c5 10. cxd5 Bxd5 11. dxc5 bxc5
12. Qc2 Nbd7 13. Nd2 a5 14. a4 Qc7 15. b3 Ne5 16. Bb2 Nfd7
17. Qc3 f6 18. Rfd1 Rfc8 19. Rac1 Kh8 20. e4 Bb7 21. Qg3 h6
22. Bc4 Nxc4 23. Nxc4 Qxg3 24. hxg3 Rc7 25. Nd6 Bc6 26. Bc3 c4
27. Nxc4 Bxe4 28. Bxa5 Rca7 29. Rxd7 Rxd7 30. Nb6 Rad8
31. Nxd7 Rxd7 32. Bb6 Rd3 33. b4 Ra3 34. a5 e5 35. Bc5 Bd3
36. Rd1 e4 37. g4 Kg8 38. Rc1 Rb3 39. Kh2 Kf7 40. Bd6 Ke6
41. Rc6 Kd5 42. Rb6 e3 43. fxe3 Rb2 44. Bg3 Kc4 45. a6 Be4
46. Bd6 Rxg2+ 47. Kh3 Kd3 48. a7 Ra2 49. Bc5 Ke2 50. Kg3 Ra1
51. Kf4 Ba8 52. Kf5 Rxa7 53. Rb8 Ra6 54. b5 Ra5 55. Kg6 Bc6
56. bxc6 Rxc5 57. Rc8 Kxe3 58. Kxg7 Kf4 59. Kxf6 Kxg4 60. Ke6
h5 61. c7 h4 62. Rg8+ Kf3 63. c8=Q Rxc8 64. Rxc8 h3 65. Kf5 h2
66. Rc3+ Kf2 67. Rc1 Kg2 68. Kg4 h1=Q 69. Rc2+ Kf1 70. Rc1+
Kg2 71. Rxh1 Kxh1 1/2-1/2

[Event "European Team Championship"]
[Site "Reykjavik ISL"]
[Date "2015.11.21"]
[EventDate "2015.11.13"]
[Round "8.6"]
[Result "0-1"]
[White "Gudmundur Kjartansson"]
[Black "Margeir Petursson"]
[WhiteElo "2475"]
[BlackElo "2520"]
[PlyCount "136"]

1. e4 c5 2. Nf3 g6 3. c4 Bg7 4. d4 cxd4 5. Nxd4 Nf6 6. Nc3 O-O
7. Be2 Nc6 8. Be3 d6 9. O-O Bd7 10. f3 Nxd4 11. Bxd4 Bc6
12. b4 b6 13. Qd2 a5 14. a3 Nd7 15. Bxg7 Kxg7 16. Qd4+ Kg8
17. Nd5 e5 18. Qd2 Bxd5 19. Qxd5 Nf6 20. Qc6 Rc8 21. Qb5 Qc7
22. Rfd1 Rfd8 23. Bf1 Nh5 24. g3 Nf6 25. Ra2 Ra8 26. Rdd2 Kg7
27. h4 h5 28. Kh2 Ng8 29. Rac2 axb4 30. axb4 Ne7 31. c5 dxc5
32. Rxd8 Qxd8 33. bxc5 Qd1 34. Qd3 Qxd3 35. Bxd3 Ra3 36. Bb5
Ra5 37. Rb2 bxc5 38. Kg2 Ra7 39. Bc4 Ra4 40. Rc2 Ra7 41. f4
exf4 42. gxf4 Ra4 43. Kf2 Nc8 44. Bd5 Nd6 45. Kf3 c4 46. f5
gxf5 47. e5 Ne4 48. Kf4 c3 49. Bxe4 Rxe4+ 50. Kxf5 Rc4 51. Kg5
Rc5 52. Kf4 Kg6 53. Rg2+ Kh6 54. Rc2 Rc4+ 55. Kf5 Rc6 56. Ke4
Rc4+ 57. Kf5 Kg7 58. Kg5 Rc5 59. Kf4 Kf8 60. Ke4 Ke7 61. Kd4
Rc8 62. Kd5 Rc7 63. Kd4 Ke6 64. Ke4 Rc4+ 65. Kd3 Kd5 66. Ke3
Kxe5 67. Kd3 Kd5 68. Ke3 Rxh4 0-1

[Event "European Team Championship"]
[Site "Reykjavik ISL"]
[Date "2015.11.21"]
[EventDate "2015.11.13"]
[Round "8.8"]
[Result "1/2-1/2"]
[White "Dmitry Svetushkin"]
[Black "Sabino Brunello"]
[WhiteElo "2585"]
[BlackElo "2562"]
[PlyCount "101"]

1. e4 e5 2. Nf3 Nc6 3. Bb5 a6 4. Ba4 Nf6 5. O-O Be7 6. Re1 b5
7. Bb3 O-O 8. h3 d6 9. c3 Nd7 10. d4 Bf6 11. a4 Bb7 12. d5 Ne7
13. axb5 axb5 14. Rxa8 Qxa8 15. Na3 Ba6 16. Be3 Rb8 17. Nc2
Nc5 18. Bxc5 dxc5 19. Ne3 c4 20. Bc2 h5 21. b3 Rb6 22. bxc4
bxc4 23. Nd2 g6 24. Ndxc4 Bxc4 25. Nxc4 Ra6 26. Qf3 Kg7 27. g3
Nc8 28. h4 Nd6 29. Qd3 Ra1 30. Rxa1 Qxa1+ 31. Kg2 Qa2 32. Nd2
Nb7 33. Bb1 Qb2 34. Nc4 Qb3 35. Nd2 Qb2 36. Qc2 Qb5 37. Ba2
Nc5 38. Nc4 Qa4 39. Qxa4 Nxa4 40. d6 cxd6 41. Nxd6 Be7
42. Nxf7 Nxc3 43. Bb3 Nxe4 44. Nxe5 g5 45. hxg5 Bxg5 46. Bc2
Nd6 47. Bd1 Kh6 48. Nd3 Ne4 49. Ba4 Nd6 50. Bd7 Bd2 51. Kf3
1/2-1/2

[Event "European Team Championship"]
[Site "Reykjavik ISL"]
[Date "2015.11.21"]
[EventDate "2015.11.13"]
[Round "8.9"]
[Result "1-0"]
[White "David Howell"]
[Black "Mustafa Yilmaz"]
[WhiteElo "2693"]
[BlackElo "2594"]
[PlyCount "91"]

1. c4 e5 2. Nc3 Nf6 3. Nf3 Nc6 4. g3 Bb4 5. Nd5 Bc5 6. Bg2 O-O
7. O-O d6 8. d3 h6 9. e3 Bb6 10. Nxb6 axb6 11. b3 Bd7 12. Bb2
Re8 13. h3 Ne7 14. a4 c5 15. Ne1 Qc8 16. Kh2 Nh7 17. Nc2 Ng5
18. f4 Nxh3 19. e4 Bg4 20. Qd2 f6 21. Rae1 h5 22. Ne3 Qd7
23. Bf3 Bxf3 24. Rxf3 h4 25. Ng2 Ng6 26. f5 Ng5 27. Rfe3 hxg3+
28. Rxg3 Ne7 29. Qe2 Kf7 30. Rxg5 fxg5 31. Qh5+ Kf8 32. Bc1
Ng8 33. Bxg5 Qf7 34. Qh8 Reb8 35. Ne3 b5 36. cxb5 Qxb3 37. Nd5
Kf7 38. Qh5+ Kf8 39. Qh8 Kf7 40. Qh5+ Kf8 41. f6 Qc2+ 42. Re2
g6 43. Qg4 Qd1 44. f7 Nf6 45. Bxf6 Qf1 46. Rg2 1-0

[Event "European Team Championship"]
[Site "Reykjavik ISL"]
[Date "2015.11.21"]
[EventDate "2015.11.13"]
[Round "8.11"]
[Result "1-0"]
[White "Mihail Marin"]
[Black "Emanuel Berg"]
[WhiteElo "2589"]
[BlackElo "2575"]
[PlyCount "119"]

1. Nf3 Nf6 2. c4 g6 3. b3 Bg7 4. Bb2 O-O 5. g3 d6 6. Bg2 e5
7. d3 Nc6 8. O-O Nh5 9. Nc3 f5 10. e3 f4 11. exf4 exf4 12. Qd2
Bg4 13. Rae1 Qd7 14. Nd5 fxg3 15. fxg3 Rae8 16. Rxe8 Rxe8
17. b4 Nd8 18. Bxg7 Qxg7 19. Re1 Rxe1+ 20. Qxe1 Nf6 21. Nd4 c6
22. Ne3 Bd7 23. Nb3 Qe7 24. Qf2 b6 25. a4 Nf7 26. b5 c5
27. Nd2 Kg7 28. Ne4 Nxe4 29. Bxe4 Qe5 30. h4 Qa1+ 31. Kg2 Qxa4
32. Bd5 Ne5 33. g4 h6 34. g5 hxg5 35. hxg5 Bf5 36. Qh4 Kf8
37. Qh8+ Ke7 38. Nxf5+ gxf5 39. Qf6+ Kd7 40. Qxf5+ Kc7
41. Qh7+ Kd8 42. Qg8+ Kc7 43. Qg7+ Nd7 44. Be4 Qd1 45. Qe7
Qg4+ 46. Kf2 Qf4+ 47. Ke2 Qh2+ 48. Kf3 Qe5 49. Qxe5 Nxe5+
50. Kf4 Kd7 51. Kf5 Ke7 52. g6 Nd7 53. Bd5 Kf8 54. Ke6 Ne5
55. Be4 Ng4 56. Kxd6 Nf2 57. Kc7 Nd1 58. Kb7 Nb2 59. Kxa7 Na4
60. Bf3 1-0

[Event "European Team Championship"]
[Site "Reykjavik ISL"]
[Date "2015.11.21"]
[EventDate "2015.11.13"]
[Round "8.13"]
[Result "1/2-1/2"]
[White "Dimitrios Mastrovasilis"]
[Black "Mindaugas Beinoras"]
[WhiteElo "2615"]
[BlackElo "2340"]
[PlyCount "138"]

1. e4 e5 2. Nf3 Nc6 3. Bb5 d6 4. d4 Bd7 5. O-O exd4 6. Nxd4 g6
7. Nc3 Bg7 8. Nxc6 bxc6 9. Bc4 Ne7 10. Bg5 O-O 11. Re1 h6
12. Be3 Be6 13. Bxe6 fxe6 14. Qg4 e5 15. Qe6+ Kh7 16. Rad1 Nc8
17. b4 a6 18. a4 Qe8 19. Qc4 Ne7 20. b5 axb5 21. axb5 Qd7
22. h3 Rab8 23. bxc6 Qxc6 24. Qxc6 Nxc6 25. Nd5 Rfc8 26. c3 h5
27. Ra1 Bh6 28. Ra6 Nd8 29. Ra7 Bxe3 30. Rxe3 Rb7 31. Ra6 Ne6
32. Rc6 Rf8 33. Re2 Ra8 34. h4 Raa7 35. Re3 Nd8 36. Rc4 c5
37. Nf6+ Kh6 38. Rd3 Rb1+ 39. Kh2 Nb7 40. Ne8 Rb6 41. Rf3 Ra2
42. Rf8 Kh7 43. Rf7+ Kg8 44. Rd7 Rxf2 45. Ra4 Rf7 46. Rxf7
Kxf7 47. Nc7 Nd8 48. Nd5 Rb7 49. Ra6 Ke6 50. Ra8 Kd7 51. Nf6+
Ke7 52. Nd5+ Kd7 53. g4 hxg4 54. Kg3 Rb1 55. Ra7+ Ke8 56. Kxg4
Rg1+ 57. Kf3 Rf1+ 58. Kg2 Rf7 59. Ra6 Kd7 60. Ra7+ Ke8 61. Ra8
Kd7 62. Kg3 Rf1 63. Ra7+ Ke8 64. Nc7+ Kf8 65. Ra8 Ke7 66. Kg2
Rf7 67. Nd5+ Ke8 68. Ra6 Kd7 69. Ra7+ Ke8 1/2-1/2

[Event "European Team Championship"]
[Site "Reykjavik ISL"]
[Date "2015.11.21"]
[EventDate "2015.11.13"]
[Round "8.13"]
[Result "1-0"]
[White "Tautvydas Vedrickas"]
[Black "Ioannis Nikolaidis"]
[WhiteElo "2320"]
[BlackElo "2563"]
[PlyCount "89"]

1. d4 Nf6 2. c4 g6 3. Nc3 Bg7 4. e4 d6 5. f3 O-O 6. Bg5 Nc6
7. Nge2 a6 8. Qd2 Rb8 9. Rb1 Bd7 10. b4 Re8 11. d5 Ne5 12. Nd4
e6 13. Be2 exd5 14. cxd5 c5 15. dxc6 Nxc6 16. Nxc6 Bxc6
17. O-O d5 18. exd5 Qb6+ 19. Kh1 Nxd5 20. Ne4 Re5 21. Bc4 Rbe8
22. a4 Qc7 23. Rfc1 h6 24. b5 axb5 25. axb5 hxg5 26. bxc6 bxc6
27. Bxd5 Rxd5 28. Qxd5 cxd5 29. Rxc7 dxe4 30. fxe4 g4 31. Rf1
f6 32. Rc4 Re5 33. g3 Kh7 34. Rd1 Ra5 35. Rc7 Kh6 36. h3 gxh3
37. Kh2 f5 38. Rd5 Ra2+ 39. Kxh3 Rf2 40. e5 Re2 41. Rc6 Rxe5
42. Rdd6 Kh5 43. Rxg6 Bf8 44. Rgf6 Bg7 45. Rf7 1-0

[Event "European Team Championship"]
[Site "Reykjavik ISL"]
[Date "2015.11.21"]
[EventDate "2015.11.13"]
[Round "8.14"]
[Result "1/2-1/2"]
[White "Steven Geirnaert"]
[Black "Luka Lenic"]
[WhiteElo "2449"]
[BlackElo "2625"]
[PlyCount "180"]

1. d4 Nf6 2. c4 e6 3. Nc3 Bb4 4. e3 O-O 5. Bd3 d5 6. cxd5 exd5
7. Ne2 Re8 8. Bd2 Bf8 9. Rc1 b6 10. O-O Bb7 11. Nf4 c5 12. Qf3
Ne4 13. Rfd1 cxd4 14. exd4 Nxd2 15. Rxd2 Qg5 16. Rdd1 Nc6
17. Qh3 g6 18. Nfxd5 Nxd4 19. Nc7 Red8 20. Qg3 Qxg3 21. hxg3
Rac8 22. N7b5 Nxb5 23. Bxb5 Bg7 24. Rxd8+ Rxd8 25. Rd1 Rxd1+
26. Nxd1 Bd5 27. b3 Bd4 28. Kf1 Kf8 29. f3 h5 30. Ke2 Ke7
31. Ne3 Be6 32. Kd3 Bc5 33. Bc6 Kd6 34. Be8 Ke7 35. Bb5 Bc8
36. Bc4 Bd7 37. Nd5+ Kd6 38. Nf6 Bf5+ 39. Ne4+ Ke7 40. Bd5 Ba3
41. Kc4 Bd7 42. Kd3 Bb5+ 43. Bc4 Bc6 44. Ng5 f6 45. Ne4 f5
46. Nc3 Bd6 47. Ne2 Kf6 48. a4 g5 49. Nd4 Bb7 50. Ne2 g4
51. Ke3 Bc5+ 52. Kf4 Bc6 53. Bd3 Bd5 54. Bc2 Be6 55. Bd1 Bc8
56. Bc2 Ba6 57. Bd1 Bc8 58. Bc2 Be6 59. Bd1 a6 60. Bc2 b5
61. axb5 axb5 62. Bd1 b4 63. Bc2 Bd5 64. Bd1 Bb7 65. Bc2 Ba6
66. Nc1 Bd6+ 67. Ke3 Bxg3 68. f4 Bf1 69. Ne2 Bxe2 70. Kxe2
Bxf4 71. Kf2 h4 72. Bd3 Bd6 73. Ba6 Bc5+ 74. Kf1 Ke5 75. Bc8
Kf4 76. Bd7 Ba7 77. Bc8 Be3 78. Bd7 Bb6 79. Bc8 h3 80. gxh3
gxh3 81. Bd7 Kf3 82. Bc6+ Kg3 83. Ke2 Kf4 84. Kd3 Kg3 85. Ke2
Kh2 86. Kf1 Bc5 87. Bb7 Kg3 88. Ke2 h2 89. Bh1 Kf4 90. Kd3 Ke5
1/2-1/2

[Event "European Team Championship"]
[Site "Reykjavik ISL"]
[Date "2015.11.21"]
[EventDate "2015.11.13"]
[Round "8.15"]
[Result "1/2-1/2"]
[White "Robert Markus"]
[Black "Ivan Salgado Lopez"]
[WhiteElo "2632"]
[BlackElo "2615"]
[PlyCount "96"]

1. Nf3 c5 2. g3 g6 3. Bg2 Bg7 4. c4 Nc6 5. Nc3 d6 6. d3 Nf6
7. O-O O-O 8. Rb1 Rb8 9. a3 a6 10. b4 cxb4 11. axb4 b5
12. cxb5 axb5 13. h3 d5 14. Bf4 Rb6 15. Ne5 Nxe5 16. Bxe5 d4
17. Bxf6 exf6 18. Nd5 Rd6 19. Rc1 Rxd5 20. Rxc8 Qxc8 21. Bxd5
Qxh3 22. Qb3 Qd7 23. Rc1 f5 24. Rc5 f4 25. gxf4 Qg4+ 26. Kf1
Qxf4 27. Rxb5 Bf6 28. Qc4 h5 29. Be4 Kg7 30. Rc5 h4 31. Rc8
Rxc8 32. Qxc8 Qd2 33. b5 Qd1+ 34. Kg2 Qxe2 35. b6 Be5 36. Qd7
Qb2 37. Bd5 h3+ 38. Kf3 h2 39. Qxf7+ Kh6 40. Kg4 Qe2+ 41. Bf3
Qxf2 42. Qf8+ Bg7 43. Qf4+ Kh7 44. Qe4 Bf8 45. Kg5 Qe3+
46. Kf6 Qxe4 47. Bxe4 Kh6 48. Ke5 Bc5 1/2-1/2

[Event "European Team Championship"]
[Site "Reykjavik ISL"]
[Date "2015.11.21"]
[EventDate "2015.11.13"]
[Round "8.16"]
[Result "1/2-1/2"]
[White "Davit Shengelia"]
[Black "Dragisa Blagojevic"]
[WhiteElo "2579"]
[BlackElo "2481"]
[PlyCount "137"]

1. c4 e6 2. Nf3 d5 3. d4 Nf6 4. g3 dxc4 5. Bg2 Bb4+ 6. Bd2 a5
7. Qc2 Bxd2+ 8. Qxd2 c6 9. a4 Ne4 10. Qc1 Nd6 11. Ne5 Na6
12. O-O O-O 13. Rd1 Nb4 14. Na3 f6 15. Nexc4 b6 16. Bxc6 Nxc6
17. d5 Nd4 18. Rxd4 e5 19. Rd1 Ba6 20. b3 Rc8 21. Ra2 Rf7
22. Rc2 Rfc7 23. f3 Rc5 24. e4 b5 25. axb5 Bxb5 26. Qe3 Ba6
27. Rdc1 a4 28. Nxd6 Rxc2 29. Rxc2 Qxd6 30. Rxc8+ Bxc8
31. bxa4 Qb4 32. g4 Qxa4 33. Kg2 Ba6 34. Nb1 Qc2+ 35. Nd2 h6
36. h4 Kh7 37. Qf2 h5 38. gxh5 Kh6 39. Nf1 Bxf1+ 40. Kxf1 Qd1+
41. Kg2 Kxh5 42. Qg3 g6 43. Qf2 Qd3 44. Qe1 Qd4 45. Qe2 Kh6
46. Kh3 Kh7 47. h5 gxh5 48. f4 Kg7 49. f5 Kf8 50. Qg2 Qd3+
51. Kh4 Qd1 52. d6 Qxd6 53. Qg6 Qe7 54. Kxh5 Qg7 55. Qh6 Kf7
56. Qc1 Qg3 57. Qc7+ Kg8 58. Qd8+ Kh7 59. Qd7+ Qg7 60. Qd2 Kg8
61. Kh4 Kh7 62. Kh5 Kh8 63. Qc1 Kh7 64. Qe3 Kh8 65. Kh4 Kh7
66. Kh3 Qh6+ 67. Qxh6+ Kxh6 68. Kg4 Kg7 69. Kh5 1/2-1/2

[Event "European Team Championship"]
[Site "Reykjavik ISL"]
[Date "2015.11.21"]
[EventDate "2015.11.13"]
[Round "8.16"]
[Result "1/2-1/2"]
[White "Georg Froewis"]
[Black "Blazo Kalezic"]
[WhiteElo "2433"]
[BlackElo "2440"]
[PlyCount "85"]

1. Nf3 d5 2. d4 Nf6 3. c4 c6 4. Nc3 e6 5. e3 Nbd7 6. Qc2 Bd6
7. Bd3 dxc4 8. Bxc4 b5 9. Be2 O-O 10. O-O Bb7 11. e4 e5
12. dxe5 Nxe5 13. Nd4 Neg4 14. g3 Bxg3 15. hxg3 Qxd4 16. Qd1
Qxd1 17. Rxd1 Rfe8 18. f3 Ne5 19. f4 Nc4 20. e5 Nd5 21. Nxd5
cxd5 22. Kf2 b4 23. b3 Na3 24. Bxa3 bxa3 25. Rac1 Re7 26. Bf3
f6 27. exf6 gxf6 28. Re1 Rae8 29. Rxe7 Rxe7 30. Rc5 d4
31. Bxb7 Rxb7 32. Ra5 Re7 33. Rxa3 d3 34. Ra6 Kf7 35. a3 Kg6
36. Rd6 Re2+ 37. Kf3 Ra2 38. a4 d2 39. Ke2 Rb2 40. g4 Rxb3
41. Kxd2 Rf3 42. Rd4 h5 43. gxh5+ 1/2-1/2

[Event "European Team Championship"]
[Site "Reykjavik ISL"]
[Date "2015.11.21"]
[EventDate "2015.11.13"]
[Round "8.17"]
[Result "0-1"]
[White "Hogni Egilstoft Nielsen"]
[Black "Mads Andersen"]
[WhiteElo "2300"]
[BlackElo "2459"]
[PlyCount "108"]

1. e4 e6 2. d4 d5 3. Nd2 c5 4. Ngf3 cxd4 5. Nxd4 Nc6 6. Bb5
Bd7 7. Nxc6 bxc6 8. Bd3 Bd6 9. Qe2 Ne7 10. Nf3 Ng6 11. O-O O-O
12. e5 Bc7 13. Ng5 Qe8 14. f4 h6 15. Nf3 c5 16. c4 d4 17. Bd2
a5 18. b3 Bc6 19. Ne1 f6 20. Qg4 f5 21. Qe2 Nh8 22. Nf3 Qe7
23. Rab1 Nf7 24. Rfe1 Kh8 25. Qf2 Rg8 26. Kf1 g5 27. g3 Rg7
28. Ke2 Rag8 29. Kd1 gxf4 30. Bxf4 Ng5 31. Nxg5 hxg5 32. Bd2
Rh7 33. Kc2 g4 34. Bf4 Kg7 35. Re2 Rgh8 36. Qg1 Kf8 37. Rf1
Rh3 38. Rff2 a4 39. Kb2 Ke8 40. Qc1 Ba5 41. Bd2 Bd8 42. Bf4
Qb7 43. Bg5 Ba5 44. Bh4 R8xh4 45. gxh4 Rxd3 46. Qh6 Qf7
47. Qh8+ Qf8 48. Qh5+ Kd7 49. Qh7+ Qe7 50. Qh8 Bf3 51. Qb8 Bc7
52. Qb5+ Bc6 53. Qa6 axb3 54. axb3 Qe8 0-1

[Event "European Team Championship"]
[Site "Reykjavik ISL"]
[Date "2015.11.21"]
[EventDate "2015.11.13"]
[Round "8.18"]
[Result "1-0"]
[White "Stephen R Burns-Mannion"]
[Black "Nderim Saraci"]
[WhiteElo "2342"]
[BlackElo "2215"]
[PlyCount "101"]

1. e4 c5 2. Nf3 d6 3. d4 cxd4 4. Nxd4 Nf6 5. Nc3 g6 6. Be3 Bg7
7. f3 Nc6 8. Qd2 O-O 9. O-O-O d5 10. Qe1 e5 11. Nxc6 bxc6
12. exd5 Nxd5 13. Bc4 Be6 14. Ne4 Qc7 15. Bc5 Rfd8 16. h4 h6
17. g4 Rd7 18. g5 h5 19. Rh2 Rad8 20. Rhd2 Bf5 21. Qf2 Kh8
22. Bb3 Kh7 23. Kb1 Bxe4 24. fxe4 Nf4 25. a4 Rxd2 26. Rxd2 f6
27. Ka2 fxg5 28. hxg5 a6 29. Qe3 Qa5 30. Bb4 Qc7 31. Qc3 Rxd2
32. Qxd2 c5 33. Ba5 Qe7 34. Bd8 Qe8 35. Kb1 h4 36. Bf6 Bxf6
37. gxf6 h3 38. Qf2 g5 39. Qxc5 h2 40. Qc7+ Kh6 41. Qg7+ Kh5
42. Qh7+ Kg4 43. Qxh2 Qf8 44. Qg1+ Kh5 45. f7 g4 46. Qh2+ Kg5
47. Ka2 Qe7 48. Qf2 Qf6 49. Bc4 Kg6 50. Qc5 Kg7 51. Qc8 1-0

[Event "European Team Championship"]
[Site "Reykjavik ISL"]
[Date "2015.11.22"]
[EventDate "2015.11.13"]
[Round "9.2"]
[Result "1/2-1/2"]
[White "Loek van Wely"]
[Black "Etienne Bacrot"]
[WhiteElo "2632"]
[BlackElo "2686"]
[PlyCount "37"]

1. d4 d5 2. c4 e6 3. Nf3 Nf6 4. g3 dxc4 5. Bg2 c5 6. O-O Nc6
7. dxc5 Qxd1 8. Rxd1 Bxc5 9. Nbd2 c3 10. bxc3 O-O 11. Nb3 Be7
12. c4 Bd7 13. Bb2 Rfd8 14. Nfd4 Rac8 15. Nb5 b6 16. Nd6 Rc7
17. Nb5 Rcc8 18. Nd6 Rc7 19. Nb5 1/2-1/2